| 000 | 00481nam a2200193Ia 4500 | ||
|---|---|---|---|
| 008 | 170705s9999 xx 000 0 und d | ||
| 020 | _a9780531147719 | ||
| 245 | _aOut of control : | ||
| 245 | _bhow to handle anger - yours and everyone else's / | ||
| 245 | _cJohn DiConsiglio. | ||
| 260 | _aNew York : | ||
| 260 | _bScholastic, | ||
| 260 | _c2008 | ||
| 300 | _a112 pages : | ||
| 300 | _bcolor illustration ; | ||
| 300 | _c20cm. | ||
| 440 | _aChoices. | ||
| 500 | _a870 | ||
| 999 |
_c336259 _d336259 |
||